| 000 -LEADER |
| fixed length control field |
00403nam a22000977a 4500 |
| 008 - FIXED-LENGTH DATA ELEMENTS--GENERAL INFORMATION |
| fixed length control field |
160606b xxu||||| |||| 00| 0 eng d |
| 100 ## - MAIN ENTRY--AUTHOR'S NAME |
| Author's Name |
Eros, Laszlo |
| 245 ## - TITLE STATEMENT |
| Title |
Catalogue of Romanian revenue stamps : Ministerial and Departmental Issues |
| 260 ## - PUBLICATION, DISTRIBUTION, ETC. (IMPRINT) |
| Place of publication, distribution, etc. |
Cluj-Napoca, Romania |
| Name of publisher, distributor, etc. |
Transfilex S.R.L. (S.C. Ideogram S.R.L.) |
| Date of publication, distribution, etc. |
1995 |
| 650 ## - TOPICAL TERM (Tag) |
| Topical term or geographic name |
Romania (1858-) | Revenues | Cinderella Material | Catalogs and Price Lists |